[Event "Ceske Budejovice op-A"]
[Site "Ceske Budejovice"]
[Date "2023.07.09"]
[Round "9"]
[White "Babicka, Michal"]
[Black "Volak, Simon"]
[Result "1/2-1/2"]
[WhiteElo "1996"]
[BlackElo "2135"]
[PlyCount "49"]
[EventDate "2023.07.01"]
[EventType "swiss"]
[EventRounds "9"]
[EventCountry "CZE"]
[SourceTitle "CBM 215 Extra"]
[Source "ChessBase"]
[SourceDate "2023.09.30"]
[SourceVersion "1"]
[SourceVersionDate "2023.09.30"]
[SourceQuality "1"]

1. e4 c5 2. Nf3 g6 3. d4 cxd4 4. Nxd4 Bg7 5. c4 Nc6 6. Be3 Qb6 7. Nb3 Qc7 8. Nc3 Bxc3+ 9. bxc3 Nf6 10. f3 d6 11. Be2 b6 12. 0-0 0-0 13. a4 Ne5 14. Nd2 Be6 15. a5 Nfd7 16. Qa4 Nc5 17. Qa3 Rab8 18. axb6 axb6 19. Rfb1 Rfc8 20. Rb4 Nc6 21. Rbb1 Na5 22. Qb4 Qc6 23. Kh1 f6 24. h3 Qc7 25. Ra2 1/2-1/2

[Event "Ceske Budejovice op-A"]
[Site "Ceske Budejovice"]
[Date "2023.07.07"]
[Round "7"]
[White "Babicka, Michal"]
[Black "Chval, Zdenek"]
[Result "1/2-1/2"]
[WhiteElo "1996"]
[BlackElo "2107"]
[PlyCount "94"]
[EventDate "2023.07.01"]
[EventType "swiss"]
[EventRounds "9"]
[EventCountry "CZE"]
[SourceTitle "CBM 215 Extra"]
[Source "ChessBase"]
[SourceDate "2023.09.30"]
[SourceVersion "1"]
[SourceVersionDate "2023.09.30"]
[SourceQuality "1"]

1. d4 Nf6 2. c4 g6 3. Nc3 Bg7 4. e4 d6 5. Nf3 0-0 6. Be2 e5 7. 0-0 Nc6 8. d5 Ne7 9. Ne1 Nd7 10. Be3 f5 11. f3 f4 12. Bf2 g5 13. Rc1 Ng6 14. c5 Nxc5 15. b4 Na6 16. Nb5 Rf7 17. Nxa7 Bd7 18. a4 Bf8 19. Nd3 h5 20. Nb5 Rg7 21. Kh1 Nh4 22. Qe1 Be7 23. Bxh4 gxh4 24. h3 Rg3 25. Kh2 c6 26. Nc3 Rc8 27. b5 Nc5 28. Nxc5 dxc5 29. bxc6 bxc6 30. Qd2 Bxh3 31. Rg1 Be6 32. Rcd1 Bf7 33. dxc6 Qxd2 34. Rxd2 Rxc6 35. Rd7 c4 36. a5 Bb4 37. Nd5 Bxd5 38. Rxd5 Bc5 39. Rb1 Rcg6 40. Bf1 Be3 41. Rd8+ Kh7 42. Rb7+ Kh6 43. Rh8+ Kg5 44. Rf7 Rh6 45. Rg8+ Rg6 46. Rh8 Rh6 47. Rg8+ Rg6 1/2-1/2

[Event "Ceske Budejovice op-A"]
[Site "Ceske Budejovice"]
[Date "2023.07.03"]
[Round "3"]
[White "Babicka, Michal"]
[Black "Dvorak, Jan1111"]
[Result "1-0"]
[WhiteElo "1996"]
[BlackElo "1593"]
[PlyCount "83"]
[EventDate "2023.07.01"]
[EventType "swiss"]
[EventRounds "9"]
[EventCountry "CZE"]
[SourceTitle "CBM 215 Extra"]
[Source "ChessBase"]
[SourceDate "2023.09.30"]
[SourceVersion "1"]
[SourceVersionDate "2023.09.30"]
[SourceQuality "1"]

1. c4 e5 2. Nc3 Nc6 3. g3 Bc5 4. Bg2 a6 5. e3 d6 6. Nge2 Ba7 7. d4 exd4 8. Nxd4 Nge7 9. 0-0 0-0 10. Nd5 Ne5 11. b3 Nxd5 12. cxd5 Bg4 13. f3 Bd7 14. Bb2 Qe8 15. Kh1 Bb5 16. Nxb5 Qxb5 17. a4 Qd3 18. e4 Qxd1 19. Raxd1 Rab8 20. Bh3 b5 21. a5 b4 22. f4 Ng6 23. Bd7 Rfd8 24. Ba4 f6 25. Bd4 Bxd4 26. Rxd4 Nf8 27. Rc1 Nd7 28. Bxd7 Rxd7 29. Rc6 f5 30. exf5 Re7 31. Kg2 Re3 32. Rxc7 Rb5 33. Ra7 Rxb3 34. Re4 Kf8 35. Ree7 Rxd5 36. Rf7+ Ke8 37. Rxg7 Kf8 38. Rxh7 Kg8 39. Rag7+ Kf8 40. f6 Rd2+ 41. Kh3 Rd5 42. Rh8# 1-0

[Event "Usti nad Labem blitz op"]
[Site "Usti nad Labem"]
[Date "2023.05.07"]
[Round "9"]
[White "Babicka, Michal"]
[Black "Cech, Jan1111"]
[Result "1-0"]
[WhiteElo "2132"]
[BlackElo "1177"]
[PlyCount "61"]
[EventDate "2023.05.07"]
[EventType "swiss (blitz)"]
[EventRounds "15"]
[EventCountry "CZE"]
[SourceTitle "CBM 214 Extra"]
[Source "ChessBase"]
[SourceDate "2023.07.31"]
[SourceVersion "1"]
[SourceVersionDate "2023.07.31"]
[SourceQuality "1"]

1. c4 e5 2. b3 g6 3. Bb2 Bg7 4. Nc3 Nc6 5. e3 Nf6 6. Nge2 d5 7. cxd5 Nxd5 8. Nxd5 Qxd5 9. Nc3 Qd8 10. Be2 Bf5 11. 0-0 0-0 12. e4 Be6 13. Rc1 a6 14. Na4 b5 15. Nc5 Nd4 16. Bxd4 exd4 17. Nxe6 fxe6 18. Bg4 e5 19. d3 Qd6 20. Rc2 a5 21. Qc1 Ra7 22. Rc6 Qe7 23. Qc2 Rf6 24. Rc1 Rxc6 25. Qxc6 a4 26. Qd5+ Kf8 27. Qxb5 Ra8 28. b4 Qg5 29. Qc5+ Kf7 30. Qd5+ Ke7 31. Rxc7+ 1-0

[Event "Usti nad Labem blitz op"]
[Site "Usti nad Labem"]
[Date "2023.05.07"]
[Round "11"]
[White "Babicka, Michal"]
[Black "Lancaric, Tomas"]
[Result "1-0"]
[WhiteElo "2132"]
[BlackElo "1778"]
[PlyCount "73"]
[EventDate "2023.05.07"]
[EventType "swiss (blitz)"]
[EventRounds "15"]
[EventCountry "CZE"]
[SourceTitle "CBM 214 Extra"]
[Source "ChessBase"]
[SourceDate "2023.07.31"]
[SourceVersion "1"]
[SourceVersionDate "2023.07.31"]
[SourceQuality "1"]

1. e4 c6 2. d4 d5 3. Nd2 dxe4 4. Nxe4 Bf5 5. Ng3 Bg6 6. h4 h6 7. Nf3 Nd7 8. h5 Bh7 9. Bd3 Bxd3 10. Qxd3 Ngf6 11. Bd2 e6 12. 0-0-0 Bd6 13. Ne4 Nxe4 14. Qxe4 Nf6 15. Qe2 0-0 16. Kb1 Qb6 17. g4 Nd5 18. g5 Nf4 19. Qe4 hxg5 20. Nxg5 f5 21. Qf3 e5 22. Bxf4 exf4 23. Ne6 Rfe8 24. Nxf4 Re4 25. Nd3 Qxd4 26. Qxf5 Rf8 27. Qg6 Rf6 28. Qg5 Rg4 29. Qc1 Bf4 30. Nxf4 Qxf4 31. Rd8+ Rf8 32. Qd1 Qxf2 33. Rxf8+ Qxf8 34. Qxg4 Qc5 35. h6 g5 36. Qe6+ Kh7 37. Qf7+ 1-0

[Event "Usti nad Labem blitz op"]
[Site "Usti nad Labem"]
[Date "2023.05.07"]
[Round "12"]
[White "Babicka, Michal"]
[Black "Paulus, Vaclav"]
[Result "0-1"]
[WhiteElo "2132"]
[BlackElo "2049"]
[PlyCount "62"]
[EventDate "2023.05.07"]
[EventType "swiss (blitz)"]
[EventRounds "15"]
[EventCountry "CZE"]
[SourceTitle "CBM 214 Extra"]
[Source "ChessBase"]
[SourceDate "2023.07.31"]
[SourceVersion "1"]
[SourceVersionDate "2023.07.31"]
[SourceQuality "1"]

1. e4 c5 2. Nf3 Nc6 3. Bb5 g6 4. Bxc6 dxc6 5. 0-0 Bg7 6. h3 e5 7. d3 Qe7 8. Nc3 Nh6 9. Be3 f6 10. Qd2 Nf7 11. Nh2 g5 12. Ne2 h5 13. Ng3 h4 14. Nf5 Bxf5 15. exf5 b6 16. Ng4 Nd6 17. f4 gxf4 18. Bxf4 0-0-0 19. Bxe5 Nc4 20. Qe2 Nxe5 21. Rae1 Rhe8 22. Nxe5 Qxe5 23. Qf3 Qd4+ 24. Kh1 Qd5 25. Qg4 Bf8 26. Qg6 Rxe1 27. Rxe1 Bd6 28. Qxf6 Rg8 29. Re4 Rf8 30. Qxh4 Qxf5 31. Re1 Qf1+ 0-1

[Event "Usti nad Labem blitz op"]
[Site "Usti nad Labem"]
[Date "2023.05.07"]
[Round "2"]
[White "Papay, Jindrich"]
[Black "Babicka, Michal"]
[Result "0-1"]
[WhiteElo "1789"]
[BlackElo "2132"]
[PlyCount "58"]
[EventDate "2023.05.07"]
[EventType "swiss (blitz)"]
[EventRounds "15"]
[EventCountry "CZE"]
[SourceTitle "CBM 214 Extra"]
[Source "ChessBase"]
[SourceDate "2023.07.31"]
[SourceVersion "1"]
[SourceVersionDate "2023.07.31"]
[SourceQuality "1"]

1. f4 d5 2. Nf3 c5 3. g3 Nc6 4. Bg2 g6 5. c3 Bg7 6. 0-0 d4 7. d3 Nf6 8. e4 0-0 9. c4 Ng4 10. e5 Ne3 11. Bxe3 dxe3 12. Nc3 Bf5 13. Re1 Bxd3 14. Rxe3 Bxc4 15. Qe1 Nd4 16. Rc1 Be6 17. Nd2 Rb8 18. Nde4 b6 19. b3 Qc7 20. Ne2 Rfd8 21. Nxd4 Rxd4 22. Nc3 Qd7 23. Ne2 Rd2 24. Ra1 Rd8 25. Qf2 Bd5 26. Re1 Bxg2 27. Qxg2 Rxa2 28. Qf3 Qd2 29. h3 Qxe1+ 0-1

[Event "CZE-chT2B 2223"]
[Site "Czech Republic"]
[Date "2023.03.26"]
[Round "11.5"]
[White "Babicka, Michal"]
[Black "Trejbal, Stanislav"]
[Result "1-0"]
[WhiteElo "2005"]
[BlackElo "2054"]
[PlyCount "67"]
[EventDate "2022.10.16"]
[EventType "team-tourn"]
[EventRounds "11"]
[EventCountry "CZE"]
[SourceTitle "EXT 2024"]
[Source "ChessBase"]
[SourceDate "2023.10.10"]
[SourceVersion "1"]
[SourceVersionDate "2023.10.10"]
[SourceQuality "1"]
[WhiteTeam "Decin"]
[BlackTeam "Litomerice III"]
[WhiteTeamCountry "CZE"]
[BlackTeamCountry "CZE"]

1. e4 e6 2. d4 d5 3. Nd2 Nf6 4. e5 Nfd7 5. Bd3 c5 6. c3 Nc6 7. Ne2 Qb6 8. Nf3 Be7 9. 0-0 f6 10. exf6 gxf6 11. Nf4 c4 12. Nh4 Nf8 13. Qh5+ Kd8 14. Bc2 Rg8 15. Nxd5 Qa5 16. Qf7 Rxg2+ 17. Nxg2 Qxd5 18. Bh6 Ng6 19. Qxh7 Nf8 20. Qg8 Qd6 21. Nf4 Kc7 22. Rad1 Nd8 23. Nh5 Kb6 24. b3 cxb3 25. axb3 Nd7 26. c4 Qa3 27. c5+ Kc7 28. Bf4+ e5 29. dxe5 Nxe5 30. Qd5 Ndc6 31. Nxf6 Qxc5 32. Ne8+ Kb8 33. Qxc5 Bxc5 34. Rd5 1-0

[Event "CZE-chT2B 2223"]
[Site "Czech Republic"]
[Date "2023.02.19"]
[Round "9.3"]
[White "Haman, Jakub"]
[Black "Babicka, Michal"]
[Result "1-0"]
[WhiteElo "2229"]
[BlackElo "2007"]
[PlyCount "137"]
[EventDate "2022.10.16"]
[EventType "team-tourn"]
[EventRounds "11"]
[EventCountry "CZE"]
[SourceTitle "EXT 2024"]
[Source "ChessBase"]
[SourceDate "2023.10.10"]
[SourceVersion "1"]
[SourceVersionDate "2023.10.10"]
[SourceQuality "1"]
[WhiteTeam "Kladno"]
[BlackTeam "Decin"]
[WhiteTeamCountry "CZE"]
[BlackTeamCountry "CZE"]

1. e4 c5 2. Nf3 d6 3. d4 cxd4 4. Nxd4 Nf6 5. Nc3 a6 6. Be2 e5 7. Nb3 Be7 8. 0-0 0-0 9. f4 exf4 10. Bxf4 Nc6 11. Qe1 d5 12. exd5 Nxd5 13. Nxd5 Qxd5 14. Bf3 Qc4 15. Bxc6 Bc5+ 16. Kh1 bxc6 17. Qg3 Bb6 18. Be5 Qg4 19. Qc3 Bf5 20. Rf4 Qg5 21. Raf1 Be6 22. R4f3 f6 23. Bd4 Qb5 24. a4 Bxd4 25. Nxd4 Qc4 26. Re1 Qxc3 27. Rxc3 Bd7 28. Nxc6 Rfe8 29. Rxe8+ Rxe8 30. h3 Re6 31. Nd4 Re1+ 32. Kh2 Bxa4 33. b3 Be8 34. Rc7 Bg6 35. g4 Re4 36. c3 Re3 37. h4 h5 38. gxh5 Bxh5 39. Rxg7+ Kf8 40. Rc7 Bg4 41. b4 f5 42. Rc6 Ke7 43. h5 Rh3+ 44. Kg2 Rxh5 45. Rxa6 Rh3 46. b5 Rxc3 47. b6 Bf3+ 48. Nxf3 Rb3 49. Ne5 Kd6 50. Nc4+ Kc5 51. Ra4 Kb5 52. Ra3 Rxa3 53. b7 Kxc4 54. b8Q Ra5 55. Qf4+ Kc3 56. Kf3 Rc5 57. Ke3 Rd5 58. Qc7+ Kb4 59. Qc6 Rc5 60. Qd6 Kc4 61. Qd3+ Kb4 62. Kd4 Rc8 63. Qb1+ Ka4 64. Qxf5 Rb8 65. Qc2+ Ka5 66. Qc7+ Rb6 67. Kc5 Ka4 68. Qxb6 Ka3 69. Qb1 1-0

[Event "Pardubice Czech op-E 33rd"]
[Site "Pardubice"]
[Date "2022.07.17"]
[Round "7.4"]
[White "Kacirek, Pavel"]
[Black "Babicka, Michal"]
[Result "1/2-1/2"]
[WhiteElo "1859"]
[BlackElo "1989"]
[PlyCount "40"]
[EventDate "2022.07.14"]
[EventType "team-swiss"]
[EventRounds "7"]
[EventCountry "CZE"]
[SourceTitle "CBM 209 Extra"]
[Source "ChessBase"]
[SourceDate "2022.09.30"]
[SourceVersion "1"]
[SourceVersionDate "2022.09.30"]
[SourceQuality "1"]
[WhiteTeam "Rychnov nad Kneznou Panda"]
[BlackTeam "Slepa Veverka"]
[WhiteTeamCountry "CZE"]
[BlackTeamCountry "CZE"]

1. d4 Nf6 2. Nf3 d5 3. e3 e6 4. Be2 c5 5. b3 Nc6 6. Bb2 cxd4 7. Nxd4 Bb4+ 8. c3 Bd6 9. Nxc6 bxc6 10. Nd2 0-0 11. 0-0 a5 12. Qc2 Ba6 13. Bxa6 Rxa6 14. e4 Qc7 15. h3 Bf4 16. c4 Be5 17. cxd5 Bxb2 18. Qxb2 cxd5 19. Rac1 Qb7 20. exd5 Nxd5 1/2-1/2

[Event "CZE-chT2B 1920"]
[Site "Czech Republic"]
[Date "2020.02.23"]
[Round "9.3"]
[White "Soukup, Jiri"]
[Black "Babicka, Michal"]
[Result "1-0"]
[WhiteElo "2398"]
[BlackElo "1993"]
[PlyCount "73"]
[EventDate "2019.10.13"]
[EventType "team-tourn"]
[EventRounds "11"]
[EventCountry "CZE"]
[SourceTitle "EXT 2024"]
[Source "ChessBase"]
[SourceDate "2023.10.10"]
[SourceVersion "1"]
[SourceVersionDate "2023.10.10"]
[SourceQuality "1"]
[WhiteTeam "Karlovy Vary Tietz"]
[BlackTeam "Decin"]
[WhiteTeamCountry "CZE"]
[BlackTeamCountry "CZE"]

1. Nf3 c5 2. b3 Nc6 3. Bb2 Nf6 4. e3 g6 5. Be2 Bg7 6. 0-0 0-0 7. d4 cxd4 8. Nxd4 b6 9. c4 Bb7 10. Nc3 Nxd4 11. exd4 d5 12. Bf3 Qd7 13. c5 Rfd8 14. b4 Ne4 15. Rc1 Nxc3 16. Bxc3 bxc5 17. dxc5 d4 18. Bd2 Bxf3 19. Qxf3 Qd5 20. Qxd5 Rxd5 21. a4 Rc8 22. c6 Be5 23. Rc4 Bd6 24. Rb1 e5 25. g3 Bc7 26. b5 Rb8 27. Bb4 Bb6 28. c7 Rc8 29. Rbc1 d3 30. Bd2 f5 31. a5 Bd4 32. Rb1 Rd6 33. Rxd4 exd4 34. b6 axb6 35. axb6 Rxb6 36. Rxb6 Rxc7 37. Rb3 1-0

[Event "CZE-chT2B 1920"]
[Site "Czech Republic"]
[Date "2019.11.17"]
[Round "3.1"]
[White "Babicka, Michal"]
[Black "Brejnik, Gustav"]
[Result "1/2-1/2"]
[WhiteElo "1993"]
[BlackElo "2210"]
[PlyCount "215"]
[EventDate "2019.10.13"]
[EventType "team-tourn"]
[EventRounds "11"]
[EventCountry "CZE"]
[SourceTitle "EXT 2024"]
[Source "ChessBase"]
[SourceDate "2023.10.10"]
[SourceVersion "1"]
[SourceVersionDate "2023.10.10"]
[SourceQuality "1"]
[WhiteTeam "Decin"]
[BlackTeam "Litomerice"]
[WhiteTeamCountry "CZE"]
[BlackTeamCountry "CZE"]

1. e4 c6 2. Nc3 d5 3. Nf3 dxe4 4. Nxe4 Nf6 5. Qe2 Nxe4 6. Qxe4 Qd5 7. Qh4 Bf5 8. Bc4 Qd6 9. d3 e6 10. 0-0 Be7 11. Qd4 Qxd4 12. Nxd4 Bg6 13. Nf3 Nd7 14. Bf4 Bf6 15. Bg5 Bxg5 16. Nxg5 b5 17. Bb3 Nc5 18. Rac1 Ke7 19. d4 Nxb3 20. axb3 Rhd8 21. c3 a5 22. Nf3 f6 23. Rfe1 a4 24. b4 a3 25. bxa3 Rxa3 26. Re3 Rda8 27. Nh4 Bc2 28. h3 Ra1 29. Rce1 Rxe1+ 30. Rxe1 Kd6 31. Nf3 Ra3 32. Re3 Bb3 33. Nd2 Bd5 34. Kh2 Ke7 35. f3 Ra2 36. Ne4 Bxe4 37. fxe4 Rc2 38. e5 f5 39. h4 g6 40. Kh3 h6 41. Rd3 g5 42. h5 Kd7 43. Kg3 Kc7 44. Kh3 Kb7 45. Kg3 g4 46. Re3 Kb8 47. Rd3 Re2 48. c4 bxc4 49. Rc3 Kb7 50. Rxc4 Rb2 51. Kh2 Kb6 52. Kg3 Rd2 53. Kh2 Kb5 54. Rc5+ Kb6 55. Rc4 Re2 56. Kg3 Re3+ 57. Kh2 Rd3 58. g3 Rd2+ 59. Kg1 Kb5 60. Rc5+ Kb6 61. Rc4 Rb2 62. Kh1 Kb5 63. Rc5+ Kb6 64. Rc4 Kb7 65. Kg1 Rd2 66. Kh1 Rd3 67. Kg2 Rf3 68. Kh2 Rd3 69. Kg2 Rb3 70. Kh2 Kc7 71. Kg2 Kd7 72. Kh2 Rb2+ 73. Kg1 Ra2 74. Rc5 Ra3 75. Kg2 Ra2+ 76. Kg1 Ra1+ 77. Kg2 Ra4 78. Rc4 Ra2+ 79. Kg1 Rb2 80. Kh1 Rb3 81. Kg2 Kc7 82. Kh2 Kb6 83. Kg2 Ra3 84. Rc5 Ra2+ 85. Kg1 Ra4 86. Rc4 Ra8 87. Kf2 Rg8 88. Rc1 Rg5 89. Rh1 Kb5 90. Ke3 Rg7 91. Rc1 Ra7 92. Rc5+ Kb6 93. Kf2 Rg7 94. Rc1 Rg8 95. Ke3 Rg5 96. Rh1 Kb5 97. Rh2 Rg8 98. Rc2 Kb6 99. Rc1 Ra8 100. Kf2 Rd8 101. Rc4 Rd5 102. Ke3 Kb5 103. Kd3 Rd7 104. Rc5+ Kb6 105. Ke3 Ra7 106. Kf2 Ra6 107. Kf1 Ra8 108. Kf2 1/2-1/2

[Event "CZE-chT2B 1819"]
[Site "Czech Republic"]
[Date "2019.03.31"]
[Round "11.3"]
[White "Babicka, Michal"]
[Black "Vagner, Tomas"]
[Result "1/2-1/2"]
[WhiteElo "2022"]
[BlackElo "2182"]
[PlyCount "91"]
[EventDate "2018.10.14"]
[EventType "team-tourn"]
[EventRounds "11"]
[EventCountry "CZE"]
[SourceTitle "EXT 2022"]
[Source "ChessBase"]
[SourceDate "2021.10.06"]
[SourceVersion "1"]
[SourceVersionDate "2021.10.06"]
[SourceQuality "1"]
[WhiteTeam "Decin"]
[BlackTeam "Most Chess"]
[WhiteTeamCountry "CZE"]
[BlackTeamCountry "CZE"]

1. e4 e5 2. Nf3 d6 3. d4 exd4 4. Nxd4 Nf6 5. Nc3 Be7 6. Bc4 a6 7. a4 0-0 8. 0-0 Nxe4 9. Nxe4 d5 10. Bd3 dxe4 11. Bxe4 f5 12. Bf3 Bf6 13. c3 Bxd4 14. Qxd4 Qxd4 15. cxd4 Nc6 16. Rd1 Rd8 17. Bxc6 bxc6 18. Bf4 Ra7 19. Rac1 Bd7 20. Rc5 Rb7 21. Rd2 Rdb8 22. h3 Rxb2 23. Rxb2 Rxb2 24. Bxc7 Rb4 25. d5 cxd5 26. Rxd5 Bxa4 27. Rxf5 g6 28. Rf8+ Kg7 29. Be5+ Kxf8 30. Bd6+ Ke8 31. Bxb4 Kd7 32. g4 Kc6 33. Kg2 Kb5 34. Bc3 Kc4 35. Ba1 Bd1 36. Kg3 h5 37. gxh5 Bxh5 38. Kf4 Bd1 39. Kg5 Bc2 40. h4 a5 41. f4 a4 42. f5 Bxf5 43. h5 gxh5 44. Kxf5 h4 45. Kg4 Kb3 46. Kxh4 1/2-1/2

[Event "Prague op"]
[Site "Prague"]
[Date "2019.03.10"]
[Round "3"]
[White "Babicka, Michal"]
[Black "Plesek, Jiri"]
[Result "1/2-1/2"]
[WhiteElo "2022"]
[BlackElo "2162"]
[PlyCount "47"]
[EventDate "2019.03.09"]
[EventType "swiss"]
[EventRounds "9"]
[EventCountry "CZE"]
[SourceTitle "CBM 189 Extra"]
[Source "ChessBase"]
[SourceDate "2019.06.03"]
[SourceVersion "1"]
[SourceVersionDate "2019.06.03"]
[SourceQuality "1"]

1. e4 c6 2. d4 d5 3. Nd2 dxe4 4. Nxe4 Bf5 5. Ng3 Bg6 6. h4 h6 7. Nf3 Nd7 8. h5 Bh7 9. Bd3 Bxd3 10. Qxd3 e6 11. Bd2 Qc7 12. 0-0-0 0-0-0 13. Kb1 Ngf6 14. Ne4 Nxe4 15. Qxe4 Bd6 16. c4 c5 17. Bc3 Nf6 18. Qe2 cxd4 19. Nxd4 a6 20. Nb3 Qc6 21. f3 Be7 22. g4 Rxd1+ 23. Rxd1 Rd8 24. Rxd8+ 1/2-1/2

[Event "Prague Summer op-A 5th"]
[Site "Prague"]
[Date "2018.08.06"]
[Round "5"]
[White "Svanda, Ondrej"]
[Black "Babicka, Michal"]
[Result "1-0"]
[WhiteElo "2241"]
[BlackElo "2009"]
[PlyCount "71"]
[EventDate "2018.08.03"]
[EventType "swiss"]
[EventRounds "9"]
[EventCountry "CZE"]
[SourceTitle "CBM 185 Extra"]
[Source "ChessBase"]
[SourceDate "2018.07.29"]
[SourceVersion "1"]
[SourceVersionDate "2018.07.29"]
[SourceQuality "1"]

1. c4 g6 2. Nc3 Bg7 3. g3 d6 4. Bg2 e5 5. d3 Ne7 6. e4 0-0 7. Nge2 c6 8. Qb3 Na6 9. 0-0 Nc5 10. Qc2 a5 11. Be3 Ne6 12. Qd2 f5 13. f4 Nd4 14. Rae1 Be6 15. b3 Rf7 16. Na4 fxe4 17. dxe4 b5 18. cxb5 cxb5 19. Nac3 b4 20. Bxd4 exd4 21. Na4 Rc8 22. Nxd4 Bd7 23. Kh1 Bxa4 24. bxa4 Qb6 25. Nb5 Bc3 26. Qe3 Qc5 27. Qxc5 Rxc5 28. Rd1 d5 29. exd5 Nf5 30. d6 Rd7 31. Rd5 Rc8 32. Rd3 Rcd8 33. Bd5+ Kg7 34. Be6 Rxd6 35. Nxd6 Rxd6 36. Bxf5 1-0

[Event "CZE-chT2B 1718"]
[Site "Czech Republic"]
[Date "2018.02.11"]
[Round "8.1"]
[White "Babicka, Michal"]
[Black "Voloshin, Leonid"]
[Result "0-1"]
[WhiteElo "2012"]
[BlackElo "2363"]
[PlyCount "56"]
[EventDate "2017.10.15"]
[EventType "team-tourn"]
[EventRounds "11"]
[EventCountry "CZE"]
[SourceTitle "EXT 2022"]
[Source "ChessBase"]
[SourceDate "2021.10.06"]
[SourceVersion "1"]
[SourceVersionDate "2021.10.06"]
[SourceQuality "1"]
[WhiteTeam "Decin"]
[BlackTeam "Litomerice"]
[WhiteTeamCountry "CZE"]
[BlackTeamCountry "CZE"]

1. e4 c5 2. Nf3 Nc6 3. Bb5 g6 4. Bxc6 bxc6 5. 0-0 Bg7 6. Nc3 d6 7. h3 e5 8. d3 Ne7 9. Nh2 h6 10. f4 exf4 11. Bxf4 0-0 12. Qd2 g5 13. Be3 f5 14. exf5 Nxf5 15. Bf2 Rb8 16. Rab1 Rb7 17. Ng4 Nd4 18. Ne3 Bxh3 19. Bg3 Nf5 20. Nxf5 Bxf5 21. b3 Bd4+ 22. Kh1 Qe8 23. Bxd6 Qh5+ 24. Bh2 Be5 25. g4 Bxg4 26. Rxf8+ Kxf8 27. Nd1 Bxh2 28. Qxh2 Bxd1 0-1

[Event "CZE-chT2B 1718"]
[Site "Czech Republic"]
[Date "2018.01.14"]
[Round "6.2"]
[White "Soukup, Vaclav"]
[Black "Babicka, Michal"]
[Result "1/2-1/2"]
[WhiteElo "2144"]
[BlackElo "2012"]
[PlyCount "53"]
[EventDate "2017.10.15"]
[EventType "team-tourn"]
[EventRounds "11"]
[EventCountry "CZE"]
[SourceTitle "EXT 2022"]
[Source "ChessBase"]
[SourceDate "2021.10.06"]
[SourceVersion "1"]
[SourceVersionDate "2021.10.06"]
[SourceQuality "1"]
[WhiteTeam "Zizkov"]
[BlackTeam "Decin"]
[WhiteTeamCountry "CZE"]
[BlackTeamCountry "CZE"]

1. c4 Nf6 2. Nc3 g6 3. e4 d6 4. d4 Bg7 5. f3 0-0 6. Be3 Nc6 7. Nge2 a6 8. Qd2 Rb8 9. Nc1 e5 10. Nb3 exd4 11. Nxd4 Nxd4 12. Bxd4 c6 13. Be2 b5 14. Rd1 Be6 15. cxb5 axb5 16. e5 Nd5 17. exd6 Bxd4 18. Qxd4 Qxd6 19. Ne4 Qf4 20. g3 Qh6 21. Qe5 Rfe8 22. Rxd5 Bxd5 23. Nf6+ Kf8 24. Nd7+ Kg8 25. Nf6+ Kf8 26. Nd7+ Kg8 27. Nf6+ 1/2-1/2

[Event "CZE-chT2B 1718"]
[Site "Czech Republic"]
[Date "2017.11.19"]
[Round "3.1"]
[White "Kucera, Petr3333"]
[Black "Babicka, Michal"]
[Result "1-0"]
[WhiteElo "2234"]
[BlackElo "2012"]
[PlyCount "93"]
[EventDate "2017.10.15"]
[EventType "team-tourn"]
[EventRounds "11"]
[EventCountry "CZE"]
[SourceTitle "EXT 2022"]
[Source "ChessBase"]
[SourceDate "2021.10.06"]
[SourceVersion "1"]
[SourceVersionDate "2021.10.06"]
[SourceQuality "1"]
[WhiteTeam "Turnov Zikuda II"]
[BlackTeam "Decin"]
[WhiteTeamCountry "CZE"]
[BlackTeamCountry "CZE"]

1. d4 Nf6 2. Bg5 Ne4 3. Bf4 d5 4. e3 g6 5. Nd2 Nd6 6. Bd3 Bg7 7. Ngf3 0-0 8. 0-0 Nd7 9. c3 Kh8 10. e4 dxe4 11. Nxe4 Nxe4 12. Bxe4 c5 13. Qb3 cxd4 14. cxd4 Nb6 15. Rfd1 e6 16. Rac1 Nd5 17. Be5 b6 18. Bxd5 Qxd5 19. Qxd5 exd5 20. Rc7 Bg4 21. Bxg7+ Kxg7 22. Re1 Rfc8 23. Ree7 Rxc7 24. Rxc7 Rc8 25. Rxc8 Bxc8 26. Kf1 f6 27. Nd2 Kf7 28. Ke2 Ke7 29. Nb1 Kd6 30. Nc3 Bd7 31. Ke3 Be8 32. Kf4 Bd7 33. b4 a6 34. h4 Be8 35. g4 Bd7 36. g5 f5 37. Ke3 Be8 38. Ne2 Bd7 39. Kd2 Be8 40. Nf4 Bd7 41. h5 Be8 42. h6 Bf7 43. Kc3 Be8 44. Kb3 Bf7 45. a4 Be8 46. a5 b5 47. Kc3 1-0

[Event "CZE-chT2B 1718"]
[Site "Czech Republic"]
[Date "2017.11.05"]
[Round "2.2"]
[White "Richterova, Natasa"]
[Black "Babicka, Michal"]
[Result "1/2-1/2"]
[WhiteElo "2145"]
[BlackElo "2012"]
[PlyCount "52"]
[EventDate "2017.10.15"]
[EventType "team-tourn"]
[EventRounds "11"]
[EventCountry "CZE"]
[SourceTitle "EXT 2022"]
[Source "ChessBase"]
[SourceDate "2021.10.06"]
[SourceVersion "1"]
[SourceVersionDate "2021.10.06"]
[SourceQuality "1"]
[WhiteTeam "Jicin"]
[BlackTeam "Decin"]
[WhiteTeamCountry "CZE"]
[BlackTeamCountry "CZE"]

1. e4 c5 2. Nc3 Nc6 3. g3 g6 4. Bg2 Bg7 5. f4 d6 6. Nf3 Nf6 7. d3 0-0 8. 0-0 Rb8 9. a4 a6 10. Nd5 b5 11. axb5 axb5 12. Nxf6+ Bxf6 13. f5 Bg7 14. Kh1 Qc7 15. fxg6 hxg6 16. c3 b4 17. Bd2 Bg4 18. Qc1 Na5 19. Qc2 Nb3 20. Ra4 Nxd2 21. Nxd2 bxc3 22. bxc3 Qd7 23. Rfa1 Bh3 24. Bf3 Bg4 25. Bg2 Bh3 26. Bf3 Bg4 1/2-1/2

[Event "CZE-chT2B 1718"]
[Site "Czech Republic"]
[Date "2017.10.15"]
[Round "1.1"]
[White "Stross, Frantisek"]
[Black "Babicka, Michal"]
[Result "1-0"]
[WhiteElo "2265"]
[BlackElo "2012"]
[PlyCount "61"]
[EventDate "2017.10.15"]
[EventType "team-tourn"]
[EventRounds "11"]
[EventCountry "CZE"]
[SourceTitle "EXT 2022"]
[Source "ChessBase"]
[SourceDate "2021.10.06"]
[SourceVersion "1"]
[SourceVersionDate "2021.10.06"]
[SourceQuality "1"]
[WhiteTeam "Bakov nad Jizerou"]
[BlackTeam "Decin"]
[WhiteTeamCountry "CZE"]
[BlackTeamCountry "CZE"]

1. e4 c5 2. Nc3 Nc6 3. Bb5 Nd4 4. Bc4 d6 5. Nge2 g6 6. 0-0 Bg7 7. d3 Nf6 8. Nxd4 cxd4 9. Ne2 Nd7 10. f4 0-0 11. f5 Rb8 12. a4 b6 13. Qe1 Ne5 14. Bb3 Bd7 15. Qh4 b5 16. a5 Rc8 17. Bg5 Bf6 18. Bxf6 exf6 19. fxg6 hxg6 20. Qxf6 Qxf6 21. Rxf6 Be6 22. Bxe6 fxe6 23. Rxf8+ Kxf8 24. Nxd4 Ke7 25. Nxb5 Rxc2 26. Nxa7 Nxd3 27. a6 Nb4 28. Nb5 Nxa6 29. Rxa6 Rxb2 30. Nxd6 Kf6 31. e5+ 1-0